|
|
|
|
| LEADER |
00000nab a2200000 a 4500 |
| 001 |
vtls010504048 |
| 003 |
SK-MaSNL |
| 005 |
20260303090627.0 |
| 008 |
130415c20130226xo wr| 0 0slo |
| 038 |
|
|
|a RVGKPD
|
| 040 |
|
|
|a RVGKPD
|b slo
|c RVGKPD
|e AACR2
|
| 041 |
|
|
|a slo
|
| 044 |
|
|
|a xo
|c SK
|
| 080 |
|
|
|a 614.842.83
|2 1997
|
| 245 |
0 |
0 |
|a Pre Krásnu Hôrku zdolali rekord
|c [autor] (kar)
|
| 246 |
3 |
|
|a Pre Krásnu Hôrku zdolali hasiči nepopulárny rekord [elektronický zdroj]
|
| 300 |
|
|
|b Fotogr.
|
| 610 |
2 |
7 |
|a Okresný hasičský a záchranný zbor (Rožňava, Slovensko)
|2 rvgkpd
|9 1093243
|
| 648 |
|
7 |
|a 2012
|2 rvgkpd
|9 326619
|
| 650 |
0 |
7 |
|a hodnotenie činnosti
|2 rvgkpd
|9 880586
|
| 651 |
|
7 |
|a Rožňava (Slovensko)
|2 rvgkpd
|9 17394
|
| 773 |
0 |
|
|t Rožňavský korzár : týždenník
|g Roč. II, č. 8 (26.2.2013), s. 4
|x 1338-841X
|
| 852 |
|
|
|a RVGKPD
|b KIS3G
|
| 856 |
4 |
1 |
|u http://roznava.korzar.sme.sk/c/6714149/pre-krasnu-horku-zdolali-hasici-nepopularny-rekord.html
|
| 992 |
|
|
|a RBX
|
| 999 |
|
|
|c 1804048
|d 1805978
|